Statistics for World's Top 20 Airports 2014

Click here to take the quiz!

General Stats

  • This quiz has been taken 90 times
  • The average score is 13 of 20

Answer Stats

RankCity (Airport)% Correct
10London (Heathrow)
95%
16Tokyo (Narita)
95%
6Tokyo (Haneda)
92%
7Beijing (Capital)
82%
1Singapore (Changi)
82%
13Frankfurt
80%
4Hong Kong
76%
15Shanghai (Hongqiao)
75%
5Amsterdam (Schiphol)
70%
2Seoul (Incheon)
68%
3Munich
63%
20Kuala Lumpur
52%
14Osaka (Kansai)
47%
18Taipei (Taiwan Taoyuan)
47%
17Copenhagen
46%
8Zurich
46%
9Vancouver
43%
19Helsinki (Vantaa)
38%
11Auckland
30%
12Nagoya (Chubu Centrair)
25%

Score Distribution

Percentile by Number Answered

Percent of People with Each Score

Your Score History

You have not taken this quiz